[Event "Dubrovnik Advent op"]
[Site "Dubrovnik"]
[Date "2024.12.07"]
[Round "5"]
[White "Radja, Josko"]
[Black "Poljak, Stipe"]
[Result "0-1"]
[WhiteElo "1675"]
[BlackElo "2126"]
[PlyCount "66"]
[EventDate "2024.12.05"]
[EventType "swiss"]
[EventRounds "7"]
[EventCountry "CRO"]
[SourceTitle "CB50_2024"]
[SourceDate "2024.11.01"]
[SourceVersion "1"]
[SourceVersionDate "2024.11.01"]
[SourceQuality "2"]

1. Nf3 c5 2. e4 d6 3. d4 cxd4 4. Nxd4 Nf6 5. Nc3 a6 6. Be2 e5 7. Nb3 Be6 8. Bg5 Be7 9. Bxf6 Bxf6 10. Nd5 Nd7 11. Bg4 0-0 12. Bxe6 fxe6 13. Ne3 Qc7 14. h4 Rf7 15. Qg4 Nf8 16. 0-0-0 b5 17. Qe2 Be7 18. a3 Qb6 19. Nd2 Rc8 20. Kb1 Qc6 21. c4 b4 22. Nc2 bxa3 23. Nxa3 Rb8 24. Nf3 Qb6 25. Rd3 Nd7 26. Rd2 Nc5 27. Ng5 Bxg5 28. hxg5 Nb3 29. Rd3 Rxf2 30. Qh5 h6 31. gxh6 Nd2+ 32. Rxd2 Rxd2 33. Nb5 Qf2 0-1

[Event "Dubrovnik Advent op"]
[Site "Dubrovnik"]
[Date "2024.12.05"]
[Round "1"]
[White "Radja, Josko"]
[Black "Markotic, Gordan"]
[Result "1/2-1/2"]
[WhiteElo "1675"]
[BlackElo "2154"]
[PlyCount "134"]
[EventDate "2024.12.05"]
[EventType "swiss"]
[EventRounds "7"]
[EventCountry "CRO"]
[SourceTitle "CB50_2024"]
[SourceDate "2024.11.01"]
[SourceVersion "1"]
[SourceVersionDate "2024.11.01"]
[SourceQuality "2"]

1. Nf3 d6 2. d4 Nf6 3. g3 g6 4. Bg2 Bg7 5. 0-0 c6 6. c3 Qc7 7. Bg5 Nbd7 8. Qc1 h6 9. Bd2 e5 10. dxe5 dxe5 11. Qc2 a5 12. a4 Nc5 13. Be3 Bf5 14. Qd1 Rd8 15. Nbd2 Bf8 16. b4 Nce4 17. Qb3 Nd5 18. Nxe4 Bxe4 19. bxa5 Nxe3 20. fxe3 Bc5 21. Nxe5 Bxe3+ 22. Kh1 Bxg2+ 23. Kxg2 0-0 24. Nxg6 Rfe8 25. Rf3 Bg5 26. Qc4 Rd2 27. Re1 Re6 28. Nf4 Bxf4 29. Rxf4 Qxa5 30. Rg4+ Kf8 31. Qf4 Qd5+ 32. Kh3 Ke7 33. e4 Qa2 34. Qc7+ Kf8 35. Rh1 h5 36. Rf4 Re7 37. Qc8+ Kg7 38. Qf5 Qe6 39. Kh4 Qg6 40. g4 Qxf5 41. gxf5 Kf6 42. Kxh5 Rg2 43. Kh4 Re2 44. h3 R7xe4 45. Rhf1 R2e3 46. Kg4 Rxf4+ 47. Rxf4 Rxc3 48. Rb4 Rc1 49. a5 Ra1 50. Rxb7 Ra4+ 51. Kg3 Rxa5 52. Rb6 Rc5 53. Kg4 Rc4+ 54. Kg3 Kxf5 55. Rb1 Rc3+ 56. Kh4 Ke4 57. Re1+ Re3 58. Rf1 Rf3 59. Rc1 Rf6 60. Kg5 Rg6+ 61. Kh5 Kd5 62. Rf1 Ke6 63. h4 Rf6 64. Rc1 Kd5 65. Kg5 Rg6+ 66. Kh5 c5 67. Rxc5+ Kxc5 1/2-1/2